Statistics for Injustice 2 Characters

Click here to take the quiz!

General Stats

  • This quiz has been taken 950 times
    (675 since last reset)
  • The average score is 32 of 51

Answer Stats

Answer% Correct
HeroBatman
97%
VillainBizarroAlternate Skin
97%
HeroBruce WayneLegendary Skin
97%
HeroSuperman
97%
HeroThe Flash
86%
VillianReverse-FlashAlternate Skin
85%
HeroJay GarrickAlternate Skin
83%
VillainJoker
81%
HeroWonder Woman
81%
HeroGreen Lantern
79%
VillianHarley Quinn
78%
HeroJohn StewartAlternate Skin
78%
HeroPower GirlAlternate Skin
73%
MKSub-ZeroFighter Pack 1 DLC
72%
HeroSuper Girl
72%
HeroRobin
71%
HeroAquaman
69%
HeroBlack LightningAlternate Skin
65%
HeroGreen Arrow
65%
VillainGridAlternate Skin
65%
HeroCyborg
64%
HeroLeonardoFighter Pack 3 DLC
64%
MKRaidenFighter Pack 2 DLC
62%
HeroDonatelloFighter Pack 3 DLC
61%
HeroRaphaelFighter Pack 3 DLC
61%
HeroBlack Canary
59%
HeroBlue Beetle
59%
VillainCatwoman
58%
VillianDarkSeidPre-Order DLC
58%
HeroStarfireFighter Pack 1 DLC
57%
VillainBlack Adam
56%
VillainMr. FreezeAlternate Skin
56%
HeroMichaelangeloFighter Pack 3 DLC
55%
VillianBane
53%
VillianBrainiac
53%
VillianGorilla Grodd
53%
HeroVixenAlternate Skin
53%
VillainCheetah
52%
VillianDeadshot
51%
VillianPoison Ivy
51%
VillainCaptain Cold
50%
HeroFireStorm
50%
HeroHellboyFighter Pack 2 DLC
48%
VillainRed HoodFighter Pack 1 DLC
47%
VillainScarecrow
47%
VillainSwamp Thing
47%
HeroAtomFighter Pack 3 DLC
44%
VillianAtrocitus
44%
VillainBlack MantaFighter Pack 2 DLC
42%
VillainEnchantressFighter Pack 3 DLC
40%
HeroDoctor Fate
26%

Score Distribution

Percentile by Number Answered

Percent of People with Each Score

Your Score History

You have not taken this quiz since the last reset